Science Quiz

Random Science or Nation Quiz

Animals in Space Quiz Stats

 Plays Quiz Updated Jun 20, 2014

Support Sporcle.
Go Orange.
Score 0/43 Timer 06:00
0 Plays Today
Year Animal % Correct
1951Dog (Tsygan & Dezik)
98.9%
1963Cat (Felicette)
96.7%
1949Rhesus Monkey (Albert II)
88.8%
1969Macaque (Benny)
88.6%
1958Squirrel Monkey (Gordo)
88.6%
1969Cai monkey (Juan)
88.6%
1950Mouse
81.3%
1961Rat
79.1%
1961Chimpanzee (Ham)
77.7%
1992Carp
62%
1972Mummichog (fish)
61.9%
1994Japanese killifish
61.9%
1998Oyster toadfish
61.9%
1998Swordtail fish
61.9%
1947Fruit flies
52.3%
2003Harvester ant
51.5%
1968Wine flies
50.4%
1959Rabbit (Marfusa)
47.9%
2003Carpenter bee
46.3%
1972Garden spider
45.8%
1961Guinea Pig
44.9%
1961Frog
44.3%
Year Animal % Correct
2003Silkworm
34.9%
1968Meal worm
34.9%
1989Chicken (eggs)
32%
2009Painted lady (butterfly)
30.7%
2009Monarch butterfly
30.7%
1968Horsfield's tortoise
30.4%
1967Flour beetle
29.2%
1973Beetle
29.2%
1972Nematode (roundworm)
28.8%
1967Wasp
26.6%
2006Madagascar hissing cockroach
24.2%
1991Gypsy moth
19.4%
1996Snail
17.4%
1998Cricket
12.5%
1985Newt (non-Gingrich)
12.3%
2007Flat rock scorpion
9.3%
1994Brine shrimp
9.2%
2007Tardigrade (water bear)
5.9%
1985Stick Insect
4.5%
1979Japanese quail
3.6%
1998Sea urchin
3.3%

From the Vault

10,000 Loss MLB Teams

by scole9179

Sports 60s
To rack up that many losses, your team either has to be really bad or really old.
Remove Ads.
Support Sporcle.
Get the best of Sporcle when you Go Orange. This ad-free experience offers more features, more stats, and more fun while also helping to support Sporcle. Thank you for becoming a member.

Show Comments

Extras

Top Quizzes Today


Score Distribution

Your Account Isn't Verified!

In order to create a playlist on Sporcle, you need to verify the email address you used during registration. Go to your Sporcle Settings to finish the process.

Report this User

Report this user for behavior that violates our Community Guidelines.

Details: